=LDR 00000nam 2200000 4500 =001 INLIS000000000034650 =005 20130612140540 =008 ***********************************ind** =035 ##$$0010-061300000034650 =041 ##$$a ind =082 ##$$a 372.803 =090 ##$$a 372.803, Set k =100 ##$$a SETIAJI, Devi =245 ##$$a Kamus pintar bergambar, Rumah, Devi SEtiaji ; editor, Auky Darmawan, Agus Jakaria =260 ##$$a (20...) $b Bandung =300 ##$$a iv, 35 hlm, ilus, 25 cm =650 ##$$a Pendidikan Dasr, IPS - Kamus =700 ##$$a Darmawan, Auky =850 ##$$a NBPNMAT